| 000 | 00825nam a22002177a 4500 | ||
|---|---|---|---|
| 005 | 20120509123736.0 | ||
| 008 | 120509t xxu||||| |||| 00| 0 eng d | ||
| 020 | _c00.00 | ||
| 035 | _aA-945560 | ||
| 040 |
_aDPL _bENG |
||
| 082 | _a332.6 | ||
| 100 |
_aAvadhani, V. A. _946727 |
||
| 245 |
_aInvestment and securities markets in India _cby V. A. Avadhani |
||
| 250 | _arprn.. | ||
| 260 |
_aMumbai _bHimalaya Publishing House _c1999 |
||
| 270 |
_a"Ramdoot", Dr. Bhalerao Marg, (Kelewadi), Girgaon _bMumbai _e400 004 _k022-23860170, 022-23863863 _mhimpub@vsnl.com |
||
| 300 |
_a484 p. _c22cm. (Pbk) |
||
| 500 | _aIncludes glossary | ||
| 942 |
_adpl _cEN _2ddc _h332.6 _mAVA |
||
| 999 |
_c66371 _d66371 |
||